| 000 | 01107nas a2200313 4500 | ||
|---|---|---|---|
| 001 | BR2013010525 | ||
| 003 | BR-BrBNA | ||
| 005 | 20231205123508.0 | ||
| 007 | ta | ||
| 008 | 230509b bl.|||p| |||| 00| 00por d | ||
| 040 |
_aBR-BrBNA _bpor _cBiblioteca Nacional de Agricultura |
||
| 041 | _a(Pt) | ||
| 072 | _aK10 | ||
| 100 | 1 | _aRodrigues, F.L. | |
| 100 | 1 | _aSilva, G.F. da | |
| 100 | 1 | _aLeite, H.G. | |
| 100 | 1 | _aXavier, A.C. | |
| 100 | 1 | _aPezzopane, J.E.M. | |
| 100 | 1 | _a | |
| 245 | 1 | _aUm modelo de regulação florestal e suas implicações na formulação e solução de problemas com restrições de recobrimento | |
| 246 | 1 | _aA forest regulation model and its implications in the formulation and solution of problems with covering constraint | |
| 650 | _aFLORESTA | ||
| 650 | _aPLANEJAMENTO | ||
| 650 | _aMANEJO | ||
| 773 | 0 |
_tRevista Árvore (Brazil) _xISSN 0100-6762 _g(Sep-Oct 2006), v. 30(5) p. 769-778 _wBR2013010525 |
|
| 856 | 4 |
_uhttp://www.scielo.br/pdf/rarv/v30n5/a10v30n5.pdf _yRecurso eletrônico (PDF) |
|
| 909 |
_a202311 _bLúcia _c55 _dLúcia Elande |
||
| 942 |
_2AGRIS _n0 _cANA |
||
| 999 |
_c234197 _d234197 |
||